Statistics for Countries Closest to Brazil

Click here to take the quiz!

General Stats

  • This quiz has been taken 2,210 times
    (1,763 since last reset)
  • The average score is 18 of 20

Answer Stats

km country miles % Correct
0Argentina0
99%
0Paraguay0
98%
0Peru0
98%
0Venezuela0
97%
713Chile443
97%
0Suriname0
96%
0Bolivia0
96%
0Uruguay0
96%
0Colombia0
95%
0Guyana0
95%
489Ecuador304
94%
1067Panama663
93%
542Trinidad and Tobago337
84%
1340St Kitts and Nevis833
76%
948St Lucia589
75%
826St Vincent
and the Grenadines
513
74%
868Barbados540
74%
1117Dominica694
74%
762Grenada474
70%
1318Antigua and Barbuda819
70%

Score Distribution

Percentile by Number Answered

Percent of People with Each Score

Your Score History

You have not taken this quiz since the last reset